India and the Politics of Developing Countries (Record no. 15372)

MARC details
000 -LEADER
fixed length control field 00630nam a2200241 a 4500
020 ## - INTERNATIONAL STANDARD BOOK NUMBER
ISBN 0761987
082 00 - DEWEY DECIMAL CLASSIFICATION NUMBER
Classification number 330.0954
Author Cutter VAR
100 ## - MAIN ENTRY--AUTHOR NAME
Author name Varshney, Ashutosh
245 ## - TITLE STATEMENT
Title India and the Politics of Developing Countries
260 ## - PUBLICATION, DISTRIBUTION, ETC. (IMPRINT)
Place of publication New Delhi
Name of publisher Sage Publications
Year of publication 2004
300 ## - PHYSICAL DESCRIPTION
Number of Pages 271p
500 ## - GENERAL NOTE
General note includes index and biblioraphy
505 2# - FORMATTED CONTENTS NOTE
Formatted contents note Index
650 ## - SUBJECT ADDED ENTRY--TOPICAL TERM
Topical Term India-Economic Conditions
942 ## - ADDED ENTRY ELEMENTS (KOHA)
Koha item type Books
700 1# -
-- Varshney, Ashutosh
Holdings
Collection code Home library Current library Date acquired Cost, normal purchase price Full call number Accession Number Koha item type
  Henry Martyn Institute Library Henry Martyn Institute Library 04/25/2007 295.00 330.0954 VAR 020990 Books
                   Copyright © 2026 | Henry Martyn Institute | Hyderabad | TS-500052 | INDIA | Implemented by hmi.edu.in
Hit-Count:

Powered by Koha